000 00705nam a2200289Ia 4500
005 20260324135643.0
008 008 260324s9999 xx 000 0 eng d
020 _a9781568816340
037 _aEBOOK
040 _aCRL
040 _beng
040 _cCRL
041 _2eng
041 _aeng
084 _qCRL
100 _aAnatole Beck; Donald W. Crowe; Michael N. Bleicher
_91201394
245 0 _aExcursions into Mathematics
245 4 _bThe Millennium Edition
260 _bTaylor and Francis
260 _c2000
365 _a
365 _b385
856 _uhttp://www.taylorfrancis.com/books/9781568816340
942 _cEBOOK
999 _c1802721
_d1802721